000 00778nam a2200229 a 4500
001 13290
003 BD-JhCC
005 20230808125107.0
008 230808b2022 bg |||| ||a| 000 0 ben d
020 _a9789849626978
035 _a(BD-JhCC)13290
040 _aBD-JhCC
_dBD-JhCC
041 _abengali
082 _a891.4435
_bGOL 2022
245 _aবঙ্গবন্ধু শেখ মজিবকে নিবেদিত:
_bকিশোর গল্প /
_cসম্পা:ইমদাদুল হক।
260 _aঢাকা:
_bজানিম্যান বুকস;
_c2022.
300 _a352 p. :
_c22 cm.
600 _aBangobandhu Shekh Mojibur Rahman
650 _aBengali short stories.
700 _aহক,ইমদাদুল
942 _2ddc
_cBK
999 _c13290
_d13290